| 000 | 00944cab a2200301 4500 | ||
|---|---|---|---|
| 001 | ABS56241 | ||
| 008 | 090401t1996 xxu||||| |||| 00| 0 eng d | ||
| 035 | _a(Sirsi) u22177 | ||
| 041 | _aeng | ||
| 100 | _aGray, R. | ||
| 245 | _aRadio tunes in to advertising revenue | ||
| 260 | _c1996 | ||
| 350 | _a0 | ||
| 490 |
_aEstates Gazette _v(9646) 16 November 1996, 64-66(3) |
||
| 520 | _aConsiders the property implications of expanding commercial radio provision, with examinations of both national and local radio station space requirements. Table of the London radio market. | ||
| 650 | _aBROADCASTING SECTOR | ||
| 650 | _aBROADCASTING STATIONS | ||
| 650 | _aCAPITAL RADIO | ||
| 650 | _aDIGITAL AUDIO BROADCASTING | ||
| 650 | _aMEDIA | ||
| 650 | _aOFFICE SPACE | ||
| 650 | _aPICCADILLY RADIO | ||
| 650 | _aRADIO SECTOR | ||
| 650 | _aVIRGIN RADIO | ||
| 690 | _aLEISURE AND RECREATION | ||
| 942 | _n0 | ||
| 948 | _c04/03/1997 | ||
| 999 |
_c14852 _d14852 |
||